00843nam a2200193 i 450000100060000000300090000600500170001500700030003200800410003508000530007608001130012910000280024224501060027026000300037630000220040660001330042860000560056185200320061714476ES-MaACL20230906150825.0t|990324s1993 sp ||||1| spa d a821.134.2 Suárez de Figueroa, Cristóbal 5.06 a821.134.2 Fernández de Avellaneda, Alonso 7 Segundo tomo del ingenioso hidalgo don Quijote de la Mancha.061 aEspin Rodrigo, Enrique.13aEl Quijote de Avellaneda fue obra del doctor Christoval Suarez de Figueroa / cEnrique Espin Rodrigo. aMurcia : b[s.n., c1993] a159 p. ; c22 cm.14aFernández de Avellaneda, Alonso. tSegundo tomo del ingenioso hidalgo don Quijote de la Mancha-xCrítica e interpretación.14aSuarez de Figueroa, Cristóbal-xObras atribuidas. aES-MaACLjF-6483 bR.121486